Catálogo

Bioestadística inferencial y multivariada : (Registro nro. 26694)

Detalles MARC
000 -LEADER
fixed length control field 01251nam a2200313 i 4500
001 - CONTROL NUMBER
control field 26694
003 - CONTROL NUMBER IDENTIFIER
control field Mx-PuUPA
005 - DATE AND TIME OF LATEST TRANSACTION
control field 20250331103739.0
008 - FIXED-LENGTH DATA ELEMENTS--GENERAL INFORMATION
fixed length control field 140415s2023 ck a gr 001 0 spa d
020 ## - INTERNATIONAL STANDARD BOOK NUMBER
International Standard Book Number 9789585034006
020 ## - INTERNATIONAL STANDARD BOOK NUMBER
International Standard Book Number 9789585034013
Qualifying information e-ISBN
040 ## - CATALOGING SOURCE
Transcribing agency Mx-PuUPA
Original cataloging agency Mx-PuUPA
Language of cataloging spa
Modifying agency Mx-PuUPA
Description conventions rda
041 0# - LANGUAGE CODE
Language code of text/sound track or separate title spa
100 1# - MAIN ENTRY--PERSONAL NAME
Personal name Ardila Duarte, Gerardo,
Relator term autor
9 (RLIN) 16852
245 10 - TITLE STATEMENT
Title Bioestadística inferencial y multivariada :
Remainder of title rigurosamente sencilla /
Statement of responsibility, etc. Gerardo Ardila Duarte, Sandra Elizabeth Aguilera Rojas
250 ## - EDITION STATEMENT
Edition statement 1ra edición /
Remainder of edition statement enero
264 #1 - PRODUCTION, PUBLICATION, DISTRIBUTION, MANUFACTURE, AND COPYRIGHT NOTICE
Place of production, publication, distribution, manufacture Bogotá, Colombia :
Name of producer, publisher, distributor, manufacturer ECOE ediciones,
Date of production, publication, distribution, manufacture, or copyright notice 2023
300 ## - PHYSICAL DESCRIPTION
Extent 244 páginas :
Other physical details ilustraciones ;
Dimensions 24 cm
336 ## - CONTENT TYPE
Fuente rdacontent
Content type term texto
Content type code txt
337 ## - MEDIA TYPE
Source rdamedia
Media type term sin medio
Media type code n
338 ## - CARRIER TYPE
Source rdacarrier
Carrier type term volumen
Carrier type code nc
650 #7 - SUBJECT ADDED ENTRY--TOPICAL TERM
Source of heading or term armarc
Topical term or geographic name entry element Estadística vital
General subdivision Procesamiento de datos
Form subdivision Problemas, ejercicios, etc.
650 #7 - SUBJECT ADDED ENTRY--TOPICAL TERM
Source of heading or term armarc
Topical term or geographic name entry element Probabilidades
General subdivision Procesamiento de datos
Form subdivision Problemas, ejercicios, etc.
700 1# - ADDED ENTRY--PERSONAL NAME
Personal name Aguilera Rojas, Sandra Elizabeth,
Relator term autor
942 ## - ADDED ENTRY ELEMENTS (KOHA)
Source of classification or shelving scheme Dewey Decimal Classification
Koha item type Libro
Classification part 570.151950285
Item part A67
Existencias
Withdrawn status Lost status Source of classification or shelving scheme Damaged status Not for loan Collection code Home library Current library Shelving location Date acquired Source of acquisition Cost, normal purchase price Total Checkouts Total Renewals Full call number Barcode Date last seen Date last checked out Copy number Cost, replacement price Price effective from Koha item type
    Dewey Decimal Classification     General Biblioteca Karol Wojtyla Biblioteca Karol Wojtyla Sala general 06/03/2025 1 391.00 1 1 570.151950285 A67 2023 105942 16/02/2026 21/01/2026 Ej.2 391.00 06/03/2025 Libro
    Dewey Decimal Classification     General Biblioteca Karol Wojtyla Biblioteca Karol Wojtyla Sala general 06/03/2025 1 391.00 1   570.151950285 A67 2023 105941 02/03/2026 16/02/2026   391.00 06/03/2025 Libro